000 00402nam a22001697a 4500
003 OSt
008 241128b |||||||| |||| 00| 0 eng d
020 _a9780198084563
082 _a005.133DEC
100 _aDEY,Pradip
245 _aComputer Fundamentals and Programming in C
250 _a2nd Ed
260 _aNew Delhi
_bOxford
_c2021
300 _a479
700 _aGHOSH,Manas
942 _2ddc
_cBB
999 _c12975
_d12975